Statistics for Famous Cons Quiz

Click here to take the quiz!

General Stats

  • This quiz has been taken 35 times
  • The average score is 13 of 20

Answer Stats

ClueFamous Con% Correct
State in New EnglandConnecticut
97%
The Tonight Show host since 1993Conan O'Brien
88%
Margaret Thatcher's partyConservative Party
88%
Ancient Chinese philosopherConfucius
85%
Capital of the Ottoman EmpireConstantinople
82%
Hijacked convict-plane movieCon Air
82%
Term for the Spanish conquerors
of the New World
Conquistador
79%
Secretary of State, 2005-2009Condoleezza Rice
71%
Jefferson Davis was its PresidentConfederate States
68%
Founder of a famous hotel chainConrad Hilton
65%
Capital of New HampshireConcord
65%
Person who tricks other people in
order to get their money
Con Artist
65%
First Christian Roman emperorConstantine
65%
Fictional hero first portrayed
by Arnold in 1982
Conan
The Barbarian
62%
Deepest river in the worldCongo River
62%
2011 movie with several stars set
in the midst of a pandemic
Contagion
53%
Place to see a hot dog eating contestConey Island
50%
Capital of GuineaConakry
44%
Khabib Nurmagomedov's 2018 rivalConor McGregor
18%
Edmonton Oilers' captainConnor McDavid
9%

Score Distribution

Percentile by Number Answered

Percent of People with Each Score

Your Score History

You have not taken this quiz